| 000 | 00366nam a2200133Ia 4500 | ||
|---|---|---|---|
| 008 | 240624s9999 xx 000 0 und d | ||
| 041 | _aeng | ||
| 082 | _a020 MUL | ||
| 100 | _aMULLER JEANNE FROIDEVAUX | ||
| 245 | _aLIBRARIAN S GUIDE TO THE INTERNET SEARCH | ||
| 260 |
_c2005 _aOxford _bChandos Publishing |
||
| 300 | _axiii, : 188 : p. : cm. ; 23 | ||
| 365 |
_cRS _b30 |
||
| 999 |
_c11275 _d11275 |
||